MARC

Tag First Indicator Second Indicator Subfields
LEADER 00000cam a2200000Ia 4500
001 in00002448310
005 20151110103439.0
008 090505s1998 sp a b 100 0 spa d
020 |a 8489958238 
020 |a 9788489958234 
035 |a (OCoLC)ocn320279233 
035 |a (OCoLC)320279233 
040 |a TXA  |c TXA  |d UtOrBLW 
049 |a TXAM 
050 4 |a T385  |b .C856 1997 
111 2 |a Curso de Verano de Informática  |n (7th :  |d 1997 :  |c Albacete, Spain) 
245 1 0 |a Informática gráfica /  |c coordinadores, Pascual González López, Jesús García-Consuegra Bleda. 
246 1 5 |a VII Curso de Verano de Informática 
250 |a 1a. ed. 
264 1 |a Cuenca :  |b Ediciones de la Universidad de Castilla-La Mancha,  |c 1998. 
300 |a 296 pages :  |b illustrations ;  |c 22 cm. 
336 |a text  |b txt  |2 rdacontent 
337 |a unmediated  |b n  |2 rdamedia 
338 |a volume  |b nc  |2 rdacarrier 
490 1 |a Ciencia y técnica ;  |v 19 
500 |a "Actas del Curso de Verano de la U.C.L. M. que, con igual título, se desarrolló en Albacete en julio de 1997."--Title page verso. 
504 |a Includes bibliographical references. 
650 0 |a Computer-aided design  |v Congresses. 
650 0 |a Computer graphics  |v Congresses. 
650 0 |a Computer simulation  |v Congresses. 
650 0 |a Visualization  |v Congresses. 
700 1 |a González López, Pascual. 
700 1 |a García-Consuegra Bleda, Jesús. 
830 0 |a Colección Ciencia y técnica (Universidad de Castilla-La Mancha) ;  |v 19. 
936 |a PR 39392874 
948 |a cataloged  |b h  |c 2009/5/5  |d o  |e fpiscitelli  |f 6:49:08 pm 
994 |a C0  |b TXA 
999 |a MARS 
999 f f |s b7465bd2-e051-38de-9f95-9080521baf83  |i 4285db7b-384b-302d-8959-1e385a71c035  |t 0 
952 f f |p ric  |a Texas A&M University  |b Rellis Campus  |c Joint Library Facility  |d Remote Storage  |t 0  |e T385 .C856 1997  |h Library of Congress classification  |i unmediated -- volume  |m A14837556801 
998 f f |a T385 .C856 1997  |t 0  |l Remote Storage